Breaking into China (Record no. 70750)
[ view plain ]
| 000 -LEADER | |
|---|---|
| fixed length control field | 01295cam a2200253 4500 |
| 001 - CONTROL NUMBER | |
| control field | ABS65729 |
| 008 - FIXED-LENGTH DATA ELEMENTS--GENERAL INFORMATION | |
| fixed length control field | 020716n2002 000 0 eng u |
| 035 ## - SYSTEM CONTROL NUMBER | |
| System control number | (Sirsi) u118869 |
| 100 ## - MAIN ENTRY--PERSONAL NAME | |
| Personal name | McGinty, A |
| 245 ## - TITLE STATEMENT | |
| Title | Breaking into China |
| 260 ## - PUBLICATION, DISTRIBUTION, ETC. | |
| Date of publication, distribution, etc. | 2002 |
| 490 ## - SERIES STATEMENT | |
| Series statement | Property Week |
| Volume/sequential designation | 67(21) 31 May 2002, 34-35(2) |
| 520 ## - SUMMARY, ETC. | |
| Summary, etc. | China's entry into the World Trade Organisation (WTO) has prompted increasing interest in the Chinese property market from foreign investors. Article outlines the reforms which have made the Chinese property market a more open, transparent and appealing place to do business. Looks at the new Foreign Investment Guidance Catalogue and guidance notes which outline the Chinese government's official policy towards foreign investment across a number of industry sectors, and highlights China's various property-related commitments in its WTO accession protocol. Concludes that foreign investors should still be aware of a number of risks of investing in Chinese property. |
| 590 ## - LOCAL NOTE (RLIN) | |
| Local note | ABS |
| 650 ## - SUBJECT ADDED ENTRY--TOPICAL TERM | |
| Topical term or geographic name entry element | CHINA |
| 650 ## - SUBJECT ADDED ENTRY--TOPICAL TERM | |
| Topical term or geographic name entry element | WORLD TRADE ORGANISATION |
| 650 ## - SUBJECT ADDED ENTRY--TOPICAL TERM | |
| Topical term or geographic name entry element | INVESTMENT MARKET |
| 650 ## - SUBJECT ADDED ENTRY--TOPICAL TERM | |
| Topical term or geographic name entry element | PROPERTY INVESTMENT |
| 650 ## - SUBJECT ADDED ENTRY--TOPICAL TERM | |
| Topical term or geographic name entry element | PROPERTY MARKET |
| 650 ## - SUBJECT ADDED ENTRY--TOPICAL TERM | |
| Topical term or geographic name entry element | REAL ESTATE |
| 650 ## - SUBJECT ADDED ENTRY--TOPICAL TERM | |
| Topical term or geographic name entry element | FOREIGN INVESTMENT |
| 690 ## - LOCAL SUBJECT ADDED ENTRY--TOPICAL TERM (OCLC, RLIN) | |
| Topical term or geographic name as entry element | INTERNATIONAL-ASIA |
| 942 ## - ADDED ENTRY ELEMENTS (KOHA) | |
| Suppress in OPAC | 0 |
| Withdrawn status | Lost status | Source of classification or shelving scheme | Damaged status | Not for loan | Home library | Current library | Shelving location | Date acquired | Total Checkouts | Full call number | Barcode | Date last seen | Copy number | Price effective from | Koha item type |
|---|---|---|---|---|---|---|---|---|---|---|---|---|---|---|---|
| Dewey Decimal Classification | London | London | Journal article | 16/07/2002 | ABS65729 | 118869-1001 | 06/08/2019 | 1 | 06/08/2019 | Journal article |